[Event "FICGS W-ch KO final email"]
[Site "FICGS email"]
[Date "2020.11.06"]
[Round "4"]
[White "Bernal Varela, Nelson"]
[Black "Wosch, Arkadiusz Janusz"]
[Result "1-0"]
[WhiteElo "2493"]
[BlackElo "2429"]
[PlyCount "219"]
[EventDate "2020.??.??"]
[EventType "match (corr)"]
[EventRounds "3"]
[SourceTitle "Corr 2022"]
[Source "ChessBase"]
[SourceDate "2021.10.24"]
[SourceVersion "1"]
[SourceVersionDate "2021.10.24"]
[SourceQuality "1"]

1. e4 c5 2. Nf3 Nc6 3. Bb5 g6 4. Bxc6 dxc6 5. d3 Bg7 6. h3 Nf6 7. Nc3 Nd7 8. Be3 e5 9. Qd2 h6 10. 0-0 Qe7 11. Nh2 Nf8 12. f4 exf4 13. Bxf4 Ne6 14. Be3 Nd4 15. Nd1 g5 16. c3 Ne6 17. Nf2 b6 18. Nf3 f6 19. a4 0-0 20. a5 Rb8 21. axb6 axb6 22. Nh1 Qd6 23. g4 Rd8 24. Rad1 Ba6 25. Ne1 Rd7 26. Bf2 Qe7 27. Bg3 Rbd8 28. Qe2 Nf8 29. Nf2 Ng6 30. Ra1 Ra8 31. Ng2 Qd8 32. Qf3 Rda7 33. Rad1 Bf8 34. Qf5 Kh7 35. h4 Bc8 36. Qf3 Ne5 37. Qe2 Rg7 38. h5 Be6 39. Ne3 Rd7 40. Bxe5 fxe5 41. c4 b5 42. Nh1 Ra4 43. Ng3 Bg7 44. Ngf5 Bf8 45. Qh2 Qc7 46. Qc2 Qd8 47. Kg2 Kg8 48. Qc3 Rd4 49. Qc2 Rd7 50. Rf2 Raa7 51. Qc3 Rd4 52. Qc2 Rdd7 53. Qb3 Ra4 54. Rfd2 Kh7 55. Qc3 Qc7 56. Rf2 Rd8 57. Rdf1 Rd7 58. Ng3 Bg7 59. Ngf5 Bf8 60. Ng3 Bg7 61. Qc2 Rb4 62. Rf6 Bf7 63. R6f2 bxc4 64. dxc4 Qb7 65. Ngf5 Be6 66. Ra1 Qb8 67. Ra2 Rf7 68. Ra3 Rfb7 69. Ra2 Rd7 70. Ra4 Bf8 71. Ra3 Rdb7 72. Ra2 Rd7 73. Qc1 Rd8 74. Qa1 Rb7 75. Ra6 Bd7 76. Ng3 Kg8 77. Kh3 Be8 78. Ra3 Bf7 79. Qc1 Rc7 80. Qa1 Rb7 81. Qc1 Rc7 82. Ngf5 Rb7 83. Ra6 Qc8 84. Qc3 Rd4 85. Qc2 Rd8 86. Qc3 Rd4 87. Qc2 Rd8 88. Kg2 Be6 89. Qa4 Bd7 90. Ra7 Rxa7 91. Qxa7 Bxf5 92. Nxf5 Qd7 93. Qa6 Qd1 94. Ne3 Qd6 95. Qa4 Qd7 96. Kf3 Qf7+ 97. Kg2 Qd7 98. Qa3 Qh7 99. Nf5 Qd7 100. Qf3 Qd3 101. Ne3 Rb8 102. b3 Bg7 103. Nf5 Qxf3+ 104. Rxf3 Bf8 105. Kf1 Rd8 106. Ke1 Rd7 107. Ke2 Rd8 108. Ng3 Be7 109. Rd3 Rxd3 110. Kxd3 1-0

[Event "FICGS W-ch KO final email"]
[Site "FICGS email"]
[Date "2020.11.06"]
[Round "1"]
[White "Wosch, Arkadiusz Janusz"]
[Black "Bernal Varela, Nelson"]
[Result "0-1"]
[WhiteElo "2429"]
[BlackElo "2493"]
[PlyCount "74"]
[EventDate "2020.??.??"]
[EventType "match (corr)"]
[EventRounds "3"]
[SourceTitle "Corr 2022"]
[Source "ChessBase"]
[SourceDate "2021.10.24"]
[SourceVersion "1"]
[SourceVersionDate "2021.10.24"]
[SourceQuality "1"]

1. e4 e6 2. d4 d5 3. Nc3 Nf6 4. Bg5 dxe4 5. Nxe4 Be7 6. Bxf6 gxf6 7. Nf3 f5 8. Ng3 h5 9. Bc4 a6 10. d5 b5 11. Bb3 c5 12. c4 Qa5+ 13. Kf1 h4 14. dxe6 fxe6 15. Ne2 Qc7 16. Qd2 Nc6 17. Rd1 Bd7 18. Qe3 0-0-0 19. cxb5 axb5 20. Bxe6 Kb7 21. Bxd7 Rxd7 22. Re1 c4 23. Qe6 Rf8 24. Nc3 Rd6 25. Qe3 Rd3 26. Qe6 Rf6 27. Qg8 Rd8 28. Qh7 Qd7 29. a3 Kb6 30. Re2 Rd6 31. g3 f4 32. Kg2 Rd3 33. Ne1 h3+ 34. Qxh3 f3+ 35. Nxf3 Qxh3+ 36. Kxh3 Rxf3 37. Kg2 Rfd3 0-1

[Event "FICGS W-ch qf4 email"]
[Site "FICGS email"]
[Date "2020.11.05"]
[Round "7"]
[White "Broniek, Mariusz Maciej"]
[Black "Wosch, Arkadiusz Janusz"]
[Result "1/2-1/2"]
[WhiteElo "2509"]
[BlackElo "2429"]
[PlyCount "161"]
[EventDate "2020.??.??"]
[EventType "match (corr)"]
[EventRounds "5"]
[SourceTitle "Corr 2022"]
[Source "ChessBase"]
[SourceDate "2021.10.24"]
[SourceVersion "1"]
[SourceVersionDate "2021.10.24"]
[SourceQuality "1"]

1. d4 Nf6 2. Nf3 g6 3. c4 Bg7 4. Nc3 d5 5. cxd5 Nxd5 6. e4 Nxc3 7. bxc3 c5 8. Rb1 0-0 9. Be2 Nc6 10. d5 Ne5 11. Nxe5 Bxe5 12. Qd2 e6 13. f4 Bc7 14. 0-0 exd5 15. exd5 Ba5 16. d6 Rb8 17. Ba3 Bf5 18. Rbd1 Qf6 19. Bxc5 Bxc3 20. Qd5 b6 21. Ba3 b5 22. Bc5 a6 23. h3 Be6 24. Qf3 Rbc8 25. Ba7 Bb4 26. f5 Qxf5 27. Qxf5 gxf5 28. d7 Rcd8 29. Rf4 Be7 30. Rfd4 Bxa2 31. Bb6 Bb3 32. Rc1 Be6 33. Bxd8 Rxd8 34. Rdd1 Kg7 35. Rc7 Bb3 36. Rd2 Be6 37. Kf2 Bf6 38. Rd1 Kf8 39. Rc6 Ke7 40. Rxa6 b4 41. Bb5 b3 42. Rb6 b2 43. Bc6 Be5 44. Rb5 f6 45. Rb7 Bf7 46. Rd2 Bc3 47. Rd1 Be5 48. Kf1 Bg6 49. g3 h6 50. Re1 Kd6 51. Ba4 Bf7 52. Rb1 Ke7 53. Rd1 Ba2 54. Kf2 b1Q 55. Rbxb1 Bxb1 56. Rxb1 Ra8 57. Bb5 Ra2+ 58. Kf1 Kd8 59. Rb3 Ra1+ 60. Kg2 Bc7 61. Re3 Be5 62. Rd3 Ra2+ 63. Kf3 Bc7 64. Re3 Be5 65. Rd3 Bc7 66. Rd5 Ra3+ 67. Bd3 h5 68. Kg2 Ra2+ 69. Kf1 Bxg3 70. Bxf5 Bc7 71. Bg6 h4 72. Bf5 Ra1+ 73. Kf2 Ra5 74. Rxa5 Bxa5 75. Kf3 Ke7 76. Kg4 Be1 77. Kh5 Bg3 78. Be6 Bf2 79. Kg6 Bg3 80. d8Q+ Kxd8 81. Kxf6 1/2-1/2

[Event "ZH-2020-0-01849"]
[Site "LSS email"]
[Date "2020.09.08"]
[Round "?"]
[White "Wosch, Arkadiusz Janusz"]
[Black "Cvak, Rudolf"]
[Result "1/2-1/2"]
[WhiteElo "2379"]
[BlackElo "2333"]
[PlyCount "42"]
[EventDate "2020.09.08"]
[EventType "match (corr)"]
[EventRounds "2"]
[EventCountry "GER"]
[SourceTitle "Corr 2022"]
[Source "ChessBase"]
[SourceDate "2021.10.24"]
[SourceVersion "1"]
[SourceVersionDate "2021.10.24"]
[SourceQuality "1"]

1. e4 c5 2. Nf3 d6 3. d4 cxd4 4. Nxd4 Nf6 5. Nc3 a6 6. Be3 Ng4 7. Bg5 h6 8. Bh4 g5 9. Bg3 Bg7 10. h3 Ne5 11. f3 Nbc6 12. Bf2 Ng6 13. Qd2 Nxd4 14. Bxd4 Bxd4 15. Qxd4 Qa5 16. 0-0-0 Be6 17. Kb1 Qc5 18. Qd2 0-0-0 19. Na4 Qc7 20. Nc3 Kb8 21. a3 Qc5 1/2-1/2

[Event "ST-2020-0-00143"]
[Site "LSS email"]
[Date "2020.04.05"]
[Round "?"]
[White "Bernal Varela, Nelson"]
[Black "Wosch, Arkadiusz Janusz"]
[Result "1/2-1/2"]
[WhiteElo "2393"]
[BlackElo "2382"]
[PlyCount "85"]
[EventDate "2020.03.15"]
[EventType "tourn (corr)"]
[EventRounds "6"]
[EventCountry "GER"]
[SourceTitle "Corr 2022"]
[Source "ChessBase"]
[SourceDate "2021.10.24"]
[SourceVersion "1"]
[SourceVersionDate "2021.10.24"]
[SourceQuality "1"]

1. d4 Nf6 2. c4 e6 3. g3 d5 4. Nf3 Be7 5. Bg2 0-0 6. 0-0 dxc4 7. Qc2 a6 8. a4 Bd7 9. Qxc4 Bc6 10. Bf4 Bd6 11. Bd2 Bd5 12. Qc2 Nc6 13. e3 Be4 14. Qb3 e5 15. dxe5 Nxe5 16. Nxe5 Bxe5 17. Bc3 Bxg2 18. Kxg2 Re8 19. Qxb7 Rb8 20. Qxa6 Qd5+ 21. Kg1 Ne4 22. Qe2 Ng5 23. f3 Bd4 24. Bxd4 Qxd4 25. exd4 Rxe2 26. Nc3 Rexb2 27. Kh1 Rd2 28. Rfb1 Rxb1+ 29. Rxb1 f6 30. Rf1 Rd3 31. f4 Ne6 32. Ne2 c5 33. dxc5 Re3 34. f5 Nxc5 35. Rc1 Nxa4 36. Nf4 Re5 37. Rc8+ Kf7 38. Rc7+ Re7 39. Rxe7+ Kxe7 40. Kg2 Nb6 41. h4 Kf7 42. Kf3 Nc4 43. Ne2 1/2-1/2

[Event "ST-2020-0-00143"]
[Site "LSS email"]
[Date "2020.04.03"]
[Round "?"]
[White "Willmann, Bernd"]
[Black "Wosch, Arkadiusz Janusz"]
[Result "1/2-1/2"]
[WhiteElo "2354"]
[BlackElo "2382"]
[PlyCount "44"]
[EventDate "2020.03.15"]
[EventType "tourn (corr)"]
[EventRounds "6"]
[EventCountry "GER"]
[SourceTitle "Corr 2022"]
[Source "ChessBase"]
[SourceDate "2021.10.24"]
[SourceVersion "1"]
[SourceVersionDate "2021.10.24"]
[SourceQuality "1"]

1. e4 c5 2. Nf3 Nc6 3. d4 cxd4 4. Nxd4 Nf6 5. Nc3 d6 6. Bg5 e6 7. Qd2 a6 8. 0-0-0 Bd7 9. f4 b5 10. Bxf6 gxf6 11. Kb1 Qb6 12. Nxc6 Bxc6 13. f5 Qc5 14. fxe6 fxe6 15. Bd3 h5 16. Qe1 Qe5 17. Nd5 exd5 18. exd5 Bd7 19. Qa5 Qg5 20. Rde1+ Be7 21. h4 Qg7 22. Qc7 f5 1/2-1/2

[Event "ST-2020-0-00143"]
[Site "LSS email"]
[Date "2020.04.03"]
[Round "?"]
[White "Wosch, Arkadiusz Janusz"]
[Black "Mueller Alves, Martin"]
[Result "1/2-1/2"]
[WhiteElo "2382"]
[BlackElo "2402"]
[PlyCount "84"]
[EventDate "2020.03.15"]
[EventType "tourn (corr)"]
[EventRounds "6"]
[EventCountry "GER"]
[SourceTitle "Corr 2022"]
[Source "ChessBase"]
[SourceDate "2021.10.24"]
[SourceVersion "1"]
[SourceVersionDate "2021.10.24"]
[SourceQuality "1"]

1. e4 c5 2. Nf3 d6 3. d4 cxd4 4. Nxd4 Nf6 5. Nc3 a6 6. Be3 e5 7. Nb3 Be6 8. f3 h5 9. Qd2 Nbd7 10. 0-0-0 Be7 11. Kb1 b5 12. f4 Rb8 13. g3 Nb6 14. Qe1 Qc7 15. Bxb6 Qxb6 16. Nd5 Bxd5 17. exd5 Ng4 18. fxe5 dxe5 19. d6 Bxd6 20. h3 Nf6 21. Bg2 Rd8 22. a3 0-0 23. g4 Bc7 24. g5 Nh7 25. h4 Rxd1+ 26. Qxd1 g6 27. Rf1 f5 28. Qd5+ Kh8 29. c4 e4 30. c5 Qb8 31. Rc1 Rd8 32. Qf7 Bf4 33. Rf1 Rg8 34. Rd1 Rg7 35. Qe6 Bg3 36. c6 Bxh4 37. Rd7 Nf8 38. Qf6 Nxd7 39. cxd7 Bxg5 40. Qxg5 Rxd7 41. Qxg6 Qe5 42. Bh3 Rd5 1/2-1/2

[Event "ST-2020-0-00141"]
[Site "LSS email"]
[Date "2020.03.27"]
[Round "?"]
[White "Markus, Roland"]
[Black "Wosch, Arkadiusz Janusz"]
[Result "1/2-1/2"]
[WhiteElo "2370"]
[BlackElo "2372"]
[PlyCount "40"]
[EventDate "2020.02.12"]
[EventType "tourn (corr)"]
[EventRounds "6"]
[EventCountry "GER"]
[SourceTitle "Corr 2022"]
[Source "ChessBase"]
[SourceDate "2021.10.24"]
[SourceVersion "1"]
[SourceVersionDate "2021.10.24"]
[SourceQuality "1"]

1. Nf3 Nf6 2. d4 d5 3. e3 e6 4. Bd3 c5 5. b3 Nc6 6. 0-0 Be7 7. Bb2 0-0 8. Nbd2 b6 9. Ne5 Bb7 10. a3 Nxe5 11. dxe5 Ne4 12. Nxe4 dxe4 13. Be2 Qc8 14. c4 Rd8 15. Qc2 g6 16. Bc3 a5 17. Rab1 h5 18. b4 cxb4 19. axb4 Qc7 20. b5 Kg7 1/2-1/2

[Event "ST-2020-0-00142"]
[Site "LSS email"]
[Date "2020.03.21"]
[Round "?"]
[White "Wosch, Arkadiusz Janusz"]
[Black "Mueller Alves, Martin"]
[Result "1/2-1/2"]
[WhiteElo "2372"]
[BlackElo "2402"]
[PlyCount "61"]
[EventDate "2020.02.25"]
[EventType "tourn (corr)"]
[EventRounds "6"]
[EventCountry "GER"]
[SourceTitle "Corr 2022"]
[Source "ChessBase"]
[SourceDate "2021.10.24"]
[SourceVersion "1"]
[SourceVersionDate "2021.10.24"]
[SourceQuality "1"]

1. e4 c5 2. Nf3 d6 3. d4 cxd4 4. Nxd4 Nf6 5. Nc3 a6 6. Be3 e5 7. Nb3 Be6 8. f3 h5 9. Qd2 Nbd7 10. 0-0-0 Be7 11. Kb1 b5 12. Nd5 Bxd5 13. exd5 Nb6 14. Bxb6 Qxb6 15. Na5 Rc8 16. Nc6 Nxd5 17. Nxe7 Nxe7 18. Qxd6 Qxd6 19. Rxd6 Nc6 20. c3 Ke7 21. Rd1 Nd8 22. Re1 Kf6 23. a4 Rb8 24. axb5 axb5 25. Re4 Ne6 26. Rb4 Rhd8 27. Bxb5 h4 28. Kc2 Rd6 29. Bc4 Nd4+ 30. Kc1 Rxb4 31. cxb4 1/2-1/2

[Event "ST-2020-0-00139"]
[Site "LSS email"]
[Date "2020.03.09"]
[Round "?"]
[White "Marciz, Alexander"]
[Black "Wosch, Arkadiusz Janusz"]
[Result "1-0"]
[WhiteElo "2399"]
[BlackElo "2373"]
[PlyCount "81"]
[EventDate "2020.02.02"]
[EventType "tourn (corr)"]
[EventRounds "6"]
[EventCountry "GER"]
[SourceTitle "Corr 2022"]
[Source "ChessBase"]
[SourceDate "2021.10.24"]
[SourceVersion "1"]
[SourceVersionDate "2021.10.24"]
[SourceQuality "1"]

1. e4 c5 2. Nf3 Nc6 3. Nc3 e6 4. d4 cxd4 5. Nxd4 Qc7 6. Be3 a6 7. Qd2 Nf6 8. 0-0-0 Bb4 9. f3 Ne5 10. Nb3 b5 11. Qe1 Rb8 12. Qg3 0-0 13. Bd4 Bd6 14. f4 Nh5 15. fxe5 Nxg3 16. exd6 Qxd6 17. hxg3 Qxg3 18. Rh3 Qg5+ 19. Be3 Qg6 20. e5 h6 21. Bf4 Bb7 22. Rg3 Qf5 23. Bxh6 g6 24. Re1 Qf2 25. Rge3 Rfc8 26. R3e2 Qf5 27. Nd2 Rxc3 28. bxc3 b4 29. cxb4 Rc8 30. c4 a5 31. b5 f6 32. Re3 Qf2 33. Kd1 fxe5 34. Rd3 Qh4 35. Rh3 Qg4+ 36. Kc1 Qd4 37. Kc2 Bd5 38. Kb1 Qf2 39. Rc1 Bxg2 40. Bxg2 Qxg2 41. Rcc3 1-0

[Event "ST-2020-0-00139"]
[Site "LSS email"]
[Date "2020.03.08"]
[Round "?"]
[White "Mislin, Roger"]
[Black "Wosch, Arkadiusz Janusz"]
[Result "1/2-1/2"]
[WhiteElo "2421"]
[BlackElo "2373"]
[PlyCount "57"]
[EventDate "2020.02.02"]
[EventType "tourn (corr)"]
[EventRounds "6"]
[EventCountry "GER"]
[SourceTitle "Corr 2022"]
[Source "ChessBase"]
[SourceDate "2021.10.24"]
[SourceVersion "1"]
[SourceVersionDate "2021.10.24"]
[SourceQuality "1"]

1. d4 Nf6 2. c4 e6 3. g3 d5 4. Nf3 Bb4+ 5. Bd2 Be7 6. Bg2 0-0 7. 0-0 c6 8. Qc2 Nbd7 9. Bf4 b6 10. Rd1 Bb7 11. Ne5 Nh5 12. Bd2 Nhf6 13. cxd5 cxd5 14. Nc6 Bxc6 15. Qxc6 Rc8 16. Qb5 Ne8 17. Qd3 Nd6 18. Nc3 Nf6 19. b3 Qd7 20. f3 Nf5 21. e3 Rfd8 22. Ne2 h5 23. Rac1 Ba3 24. Rxc8 Rxc8 25. Be1 Nd6 26. e4 Nb5 27. e5 Nh7 28. f4 g6 29. Bf3 1/2-1/2

[Event "WC-2020-T-00002"]
[Site "LSS email"]
[Date "2020.02.14"]
[Round "?"]
[White "Kuhne, Detlev"]
[Black "Wosch, Arkadiusz Janusz"]
[Result "1/2-1/2"]
[WhiteElo "2432"]
[BlackElo "2363"]
[PlyCount "41"]
[EventDate "2020.02.14"]
[EventType "tourn (corr)"]
[EventRounds "10"]
[EventCountry "GER"]
[SourceTitle "Corr 2022"]
[Source "ChessBase"]
[SourceDate "2021.10.24"]
[SourceVersion "1"]
[SourceVersionDate "2021.10.24"]
[SourceQuality "1"]

1. d4 Nf6 2. c4 e6 3. Nf3 d5 4. g3 dxc4 5. Bg2 Be7 6. 0-0 0-0 7. Ne5 Nc6 8. Bxc6 bxc6 9. Nxc6 Qe8 10. Nxe7+ Qxe7 11. Qa4 e5 12. dxe5 Qxe5 13. Nc3 Ne4 14. Re1 Nxc3 15. bxc3 Qxc3 16. Ba3 Bd7 17. Qxd7 Qxa3 18. Qc6 c3 19. Rec1 Qb2 20. Qxc3 Qxe2 21. Qxc7 1/2-1/2

[Event "WC-2020-T-00002"]
[Site "LSS email"]
[Date "2020.02.14"]
[Round "?"]
[White "Szabo, Vilmos"]
[Black "Wosch, Arkadiusz Janusz"]
[Result "1/2-1/2"]
[WhiteElo "2389"]
[BlackElo "2363"]
[PlyCount "139"]
[EventDate "2020.02.14"]
[EventType "tourn (corr)"]
[EventRounds "10"]
[EventCountry "GER"]
[SourceTitle "Corr 2022"]
[Source "ChessBase"]
[SourceDate "2021.10.24"]
[SourceVersion "1"]
[SourceVersionDate "2021.10.24"]
[SourceQuality "1"]

1. d4 Nf6 2. c4 e6 3. Nf3 d5 4. Nc3 c6 5. e3 Nbd7 6. Be2 Bd6 7. Qc2 0-0 8. 0-0 dxc4 9. Bxc4 b5 10. Be2 Bb7 11. Rd1 Qc7 12. Bd2 a6 13. b4 e5 14. h3 Rfe8 15. a3 h6 16. Bd3 Bf8 17. Bf5 Rad8 18. Re1 Qb8 19. Rad1 Qc7 20. Rc1 Qb8 21. Rcd1 Bd6 22. Bxd7 Nxd7 23. Ne4 Bf8 24. Nc5 Nxc5 25. dxc5 f6 26. Qb3+ Kh7 27. Nh4 Bc8 28. Qb1+ Kg8 29. Qg6 Qc7 30. Nf5 Bxf5 31. Qxf5 Qd7 32. Qc2 Qd3 33. Qb2 Kf7 34. Bc3 Qxd1 35. Rxd1 Rxd1+ 36. Kh2 Rd3 37. a4 h5 38. Qc2 Red8 39. g4 hxg4 40. hxg4 bxa4 41. Be1 Rd1 42. Bc3 R1d3 43. Ba1 Ra3 44. Qc1 Rdd3 45. Qc4+ Ke7 46. g5 Rd2 47. g6 Kd7 48. Bc3 Rxf2+ 49. Kg3 Rfa2 50. Qg4+ Ke7 51. Qc4 Kd7 52. Kf3 Rh2 53. Be1 Ra1 54. Qd3+ Ke6 55. Qc3 Rxe1 56. Qxe1 a3 57. Qc3 a2 58. Qc4+ Kd7 59. Qxa6 Be7 60. Ke4 Rd2 61. Qb7+ Kd8 62. Qb8+ Kd7 63. Qb7+ Kd8 64. Qb6+ Kd7 65. Qa6 Rc2 66. Kd3 Rf2 67. Qb7+ Kd8 68. Qa8+ Kd7 69. e4 Kc7 70. Qa5+ 1/2-1/2